01381 a2200277 4500003000500000005001700005010001700022020002800039040000900067082001500076100002300091245010500114260003300219300003600252505029200288650003900580650004700619650002800666700004000694700003000734856009100764856009200855942001300947999001900960952012400979Nust20230822122448.0 a 2004051228 c0387229701 (alk. paper) cNust00a005.82,ZOU1 aZou, Xukai,99545510aSecure group communications over data networks /cXukai Zou, Byrav Ramamurthy, Spyros S. Magliveras. aNew York :bSpringercc2005. axviii, 172 p. :bill. ;c25 cm. aIntroduction (Page-1), Typical Group Key Management Schemes (Page-17), Tree Based Key Management Schemes (Page-49), Dynamic Conferencing Schemes (Page-91), Securing Group Communications with Hierarchical Access Control (Page-105), SGC Challenges and SGC for Wireless Networks (Page-127). 0aComputer network protocols.981627 0aComputer networksxSecurity measures.9466 0aComputer security.95701 aMagliveras, Spyros S.d1938-9954561 aRamamurthy, Byrav.995457423Publisher descriptionuhttp://www.loc.gov/catdir/enhancements/fy0819/2004051228-d.html423Table of contents onlyuhttp://www.loc.gov/catdir/enhancements/fy0819/2004051228-t.html cREF2ddc c175346d175346 00102ddc4070aMCSbMCScREFd2016-12-12o005.82,ZOUpMCS32738r2016-12-08w2016-12-12yBKzAlmirah No.18, Shelf No.4